书目信息 |
| 题名: |
国家医师资格考试口腔执业助理医师
|
|
| 作者: | 顾方舟 主编 | |
| 分册: | 上 公共科目分册 | |
| 出版信息: | 北京 北京科学技术出版社 2001 |
|
| 页数: | 135页 | |
| 开本: | 26cm | |
| 丛书名: | 2001年国家工程师资格考试辅导丛书 | |
| 单 册: | ||
| 中图分类: | R78 | |
| 科图分类: | ||
| 主题词: | 口腔科学 | |
| 电子资源: | ||
| ISBN: | 7-5304-2529-3 | |
| 000 | 00852nam0 2200241 450 | |
| 001 | 0728736366 | |
| 005 | 20070609170955.59 | |
| 010 | @a7-5304-2529-3@dCNY82.00(上、中、下) | |
| 100 | @a20070609d2001 km y0chiy0120 ea | |
| 101 | 0 | @achi |
| 102 | @aCN@b110000 | |
| 200 | 1 | @a国家医师资格考试口腔执业助理医师@Aguo jia yi shi zi ge kao shi kou qiang zhi ye zhu li yi shi@e复习应试全书@h上@i公共科目分册@f顾方舟主编@Fgu fang zhou zhu bian |
| 210 | @a北京@c北京科学技术出版社@d2001 | |
| 215 | @a135页@d26cm | |
| 225 | 2 | @a2001年国家工程师资格考试辅导丛书 |
| 410 | 0 | @12001 @a2001年国家工程师资格考试辅导丛书 |
| 517 | 1 | @a复习应试全书@Afu xi ying shi quan shu |
| 517 | 1 | @a公共科目分册@Agong gong ke mu fen ce |
| 606 | 0 | @a口腔科学 |
| 690 | @aR78@v3 | |
| 701 | 0 | @a顾方舟@Agu fang zhou@4主编 |
| 801 | 0 | @aCN@bPFT@c20070609 |
| 905 | @a10447@dR78@e5:3 | |
| 国家医师资格考试口腔执业助理医师:复习应试全书.上.公共科目分册/顾方舟主编.-北京:北京科学技术出版社,2001 |
| 135页;26cm.-(2001年国家工程师资格考试辅导丛书) |
| ISBN 7-5304-2529-3:CNY82.00(上、中、下) |
| ● |
| 相关链接 |
|
|
|
|
正题名:国家医师资格考试口腔执业助理医师
索取号:R78/5:3
 
预约/预借
| 序号 | 登录号 | 条形码 | 馆藏地/架位号 | 状态 | 备注 |
| 1 | 0513657 | 205136574 | 第二样本阅览室/ [索取号:R78/5:3] | 在馆 |